Central Library OPAC University of Rajshahi

Medicinal plants of India : (Record no. 37657)

MARC details
000 -LEADER
fixed length control field 00678nam a22002297a 4500
001 - CONTROL NUMBER
control field 37657
003 - CONTROL NUMBER IDENTIFIER
rucl marc code BD-RjUL
005 - DATE AND TIME OF LATEST TRANSACTION
control field 20211209052631.0
008 - FIXED-LENGTH DATA ELEMENTS--GENERAL INFORMATION
fixed length control field 150205s2003 ii a|||| |||| 00| 0 eng d
020 ## - INTERNATIONAL STANDARD BOOK NUMBER
International Standard Book Number 8170353041
035 ## - SYSTEM CONTROL NUMBER
System control number (BD-RjUL)
040 ## - CATALOGING SOURCE
Original cataloging agency BD-RjUL
Language of cataloging eng
Transcribing agency BD-RjUL
041 ## - LANGUAGE CODE
Language code of text/sound track or separate title eng
082 ## - DEWEY DECIMAL CLASSIFICATION NUMBER
Edition number 22
Classification number 615.32
Author mark and year SHM 2003
100 ## - MAIN ENTRY--PERSONAL NAME
Personal name Sharma, Ravindra
9 (RLIN) 115787
245 ## - TITLE STATEMENT
Title Medicinal plants of India :
Remainder of title an encyclopaedia /
Statement of responsibility, etc. Ravindra Sharma
260 ## - PUBLICATION, DISTRIBUTION, ETC. (IMPRINT)
Place of publication, distribution, etc. Delhi :
Name of publisher, distributor, etc. Daya ;
Date of publication, distribution, etc. 2003
300 ## - PHYSICAL DESCRIPTION
Pagination xxxi, 302 p, :
Illustrations ill. ;
Size 25 cm.
504 ## - BIBLIOGRAPHY, ETC. NOTE
Bibliography, etc Includes bibliographical references and index.
650 ## - SUBJECT ADDED ENTRY--TOPICAL TERM
Topical term or geographic name as entry element Medicinal plants
Form subdivision Encyclopedias
9 (RLIN) 115788
942 ## - ADDED ENTRY ELEMENTS (KOHA)
Source of classification or shelving scheme Dewey Decimal Classification
Koha item type Books
Holdings
Lost status Source of classification or shelving scheme Damaged status Not for loan Permanent Location Current Location Shelving location Date acquired Cost, normal purchase price Total Checkouts Full call number Date last seen Copy number Koha item type
  Dewey Decimal Classification   Not For Loan Institute of Biological Sciences (IBSc) Library Institute of Biological Sciences (IBSc) Library   05/02/2015 3510.00   615.32 SHM 2003 05/02/2015 C-1 Books